Normal view
MARC view
- Liberalism.
Entry Topical Term
001 - CONTROL NUMBER
- control field: 8362
003 - CONTROL NUMBER IDENTIFIER
- control field: NUST
005 - DATE AND TIME OF LATEST TRANSACTION
- control field: 20180115094733.0
008 - FIXED-LENGTH DATA ELEMENTS
- fixed length control field: 180115|| aca||aabn | a|a d
040 ## - CATALOGING SOURCE
- Original cataloging agency: NUST
- Transcribing agency: NUST
150 ## - HEADING--TOPICAL TERM
- Topical term or geographic name entry element: Liberalism.
670 ## - SOURCE DATA FOUND
- Source citation: Work cat.: (NUST)0: Cross, Melinda 8361, What's right? /, 1985.
